00873nam a2200253Ia 4500008004100000020001800041050001700059050002000076100003000096245001800126245007200144245005300216260001700269260002100286260000900307300001600316300002000332300001100352500004100363650002800404650004000432999001900472952012800491160418s9999 xx 000 0 und d a971-584-515-0 aFIL DS 675.8 b.R5P37 2006 c.2 aPasigui, Ronnie Espergal. aJose Rizal :  bthe man and the hero : an anthology of legacies and controversies / cRonnie Espergal Pasigui, Danilo Hipolito Cabalu. aQuezon City: bC & E Pub. Inc., c2006 a356 pages : billustrations ; c22 cm. aIncludes bibliographical references. aRizal, Jose, 1861-1896. xHeroes -- Philippines -- Biography. c293644d293644 001040aSMCbSMCcFILd2007-01-31g298.00l0oFIL DS 675.8 .R5P37 2006 c.2pSMC03552r2016-04-18 00:00:00w2016-04-18yBK